Islamic Finance/ (Record no. 205285)
[ view plain ]
| 000 -LEADER | |
|---|---|
| fixed length control field | 00647nam a22001937a 4500 |
| 005 - DATE AND TIME OF LATEST TRANSACTION | |
| control field | 20240823165323.0 |
| 010 ## - LCCN (DPL NO) | |
| LC control number | ENG-141415 |
| 020 ## - INTERNATIONAL STANDARD BOOK NUMBER | |
| International Standard Book Number | 8180883774 |
| Terms of availability | 170.00 |
| 035 ## - SYSTEM CONTROL NUMBER | |
| System control number | EN-124947 |
| 037 ## - SOURCE OF ACQUISITION | |
| Source of stock number/acquisition | DBAD |
| 082 ## - DEWEY DECIMAL CLASSIFICATION NUMBER | |
| Classification number | 332.1091767 |
| 100 ## - MAIN ENTRY--PERSONAL NAME | |
| Personal name | Zubairi, Suhail |
| 245 ## - TITLE STATEMENT | |
| Title | Islamic Finance/ |
| Statement of responsibility, etc | By Suhail Zubairi |
| 260 ## - PUBLICATION, DISTRIBUTION, ETC. (IMPRINT) | |
| Name of publisher, distributor, etc | Markazi Maktaba Islami Publishers |
| Place of publication, distribution, etc | New Delhi |
| Date of publication, distribution, etc | 2013 |
| 270 ## - ADDRESS | |
| Address | D-307, Dawat Nagar, Abul Fazl Enclave, Jamia Nagar, Okhla, |
| City | New Delhi |
| Postal code | 110025 |
| Electronic mail address | mmipublishers@gmail.com |
| Telephone number | 26971652, 26954341 |
| Fax number | 26947858 |
| 300 ## - PHYSICAL DESCRIPTION | |
| Extent | 220p. |
| Dimensions | 22cm(pb) |
| 700 ## - ADDED ENTRY--PERSONAL NAME | |
| 9 (RLIN) | 70539 |
| 942 ## - ADDED ENTRY ELEMENTS (KOHA) | |
| Source of classification or shelving scheme | Dewey Decimal Classification |
| Item type | English Books |
| Classification part | 332.1091767 |
| Call number suffix | ZUB |
| Withdrawn status | Lost status | Not for loan | Collection code | Home library | Current library | Date acquired | Source of acquisition | Cost, normal purchase price | Full call number | Barcode | Copy number | Cost, replacement price | Koha item type |
|---|---|---|---|---|---|---|---|---|---|---|---|---|---|
| Non-fiction | Shahdara Branch | Shahdara Branch | 23/08/2024 | DBAD | 170.00 | 332.1091767 ZUB | EN-124947 | 1 | 170.00 | English Books |
